000
00292nam a22001337a 4500
008
170829b xxu||||| |||| 00| 0 eng d
020
_a
9781577665519
041
_a
eng
080
_2
2ND
_a
070
100
_a
39
101
_a
MED
245
_a
ORAL COMMUNICATION
_c
YOUNG,K,S
942
_2
udc
_c
BK
999
_c
25265
_d
25265